| 000 | 00539nam a2200193Ia 4500 | ||
|---|---|---|---|
| 003 | GCL | ||
| 008 | 140319s9999 xx 000 0 ara d | ||
| 040 |
_aGCL / _cGCL |
||
| 082 | 0 | 4 |
_a810.9 _bط ش |
| 100 | 1 | _aطه حسين | |
| 245 | 1 | 0 |
_aشجرة البؤس / _cطه حسين |
| 260 |
_aالقاهرة : _bدار المعارف ، _c1989 |
||
| 300 |
_a188 ص ؛ _c20 سم |
||
| 490 | _a | ||
| 650 | 0 | 4 | _aالادب العربى |
| 650 | 0 | 4 | _aالقصص العربية |
| 650 | 0 | 4 | _aالقصص الاجتماعية |
| 942 |
_2ddc _cBK |
||
| 999 |
_c28699 _d28699 |
||